00965cam a22002171 4500001001300000003000400013005001700017008004100034010001700075035001900092040004200111042001200153050002000165100003400185245027600219250008700495260003800582300007300620650001300693700004100706gs 05001219 DLC20260227111303.0771018r1839uuuuctuabf 000 0 eng c ags 05001219  a(OCoLC)3349867 aLibrary, U. S. Geol. surveycTNJdDLC apremarc00aQE26b.B16 18391 aBakewell, Robert,d1768-1843.03aAn introduction to geology;bintended to convey a practical knowledge of the science, and comprising the most important recent discoveries; with explanations of the facts and phenomena which serve to confirm or invalidate various geological theories.cBy Robert Bakewell. a3d American from the 5th London ed.,bed., with an appendix, by Prof. B. Silliman. aNew Haven,bB. & W. Noyes,c1839. axxxvi, 596 p.bfront., illus., 8 pl. (part fold., incl. map)c24 cm. 0aGeology.1 aSilliman, Benjamin,d1779-1864,eed.